Americanos / (Record no. 65022)

MARC details
000 -LEADER
campo de control de longitud fija 00617nam a2200205 i 4500
001 - NÚMERO DE CONTROL
campo de control 65022
003 - IDENTIFICADOR DE NÚMERO DE CONTROL
campo de control ES-MaACL
005 - FECHA Y HORA DE LA ÚLTIMA TRANSACCIÓN
campo de control 20230906165300.0
007 - CAMPO FIJO DE DESCRIPCIÓN FÍSICA--INFORMACIÓN GENERAL
campo de control de longitud fija t|
008 - DATOS DE LONGITUD FIJA--INFORMACIÓN GENERAL
campo de control de longitud fija 040108s1945 sp ||||1|dspa d
080 ## - NÚMERO DE LA CLASIFICACIÓN DECIMAL UNIVERSAL
Número de la Clasificación Decimal Universal 929(73)
100 1# - ENTRADA PRINCIPAL--NOMBRE DE PERSONA
Nombre de persona Frank, J.
9 (RLIN) 52306
245 10 - MENCIÓN DEL TÍTULO
Título Americanos /
Mención de responsabilidad, etc. J. Frank ; traducción de G. y L. Gossé ; portada de F. Porredón ; ilustraciones de Sanjuán.
250 ## - MENCION DE EDICION
Mención de edición 1ª ed.
260 ## - PUBLICACIÓN, DISTRIBUCIÓN, ETC.
Lugar de publicación, distribución, etc. [Barcelona] :
Nombre del editor, distribuidor, etc. Alejo Climent,
Fecha de publicación, distribución, etc. [1945] (
Fabricante Simpar)
300 ## - DESCRIPCIÓN FÍSICA
Extensión 393 p. ;
Dimensiones 19 cm.
700 1# - ENTRADA AGREGADA--NOMBRE PERSONAL
Nombre de persona Gossé, G.
9 (RLIN) 59257
700 1# - ENTRADA AGREGADA--NOMBRE PERSONAL
Nombre de persona Gossé, L. (
Fechas asociadas al nombre 1916-2001)
9 (RLIN) 156828
852 ## - LOCALIZACIÓN
Ubicación ES-MaACL
Número de control de estantería B-10043
Holdings
Estatus retirado Estado de pérdida Estado de daño No para préstamo Biblioteca de origen Biblioteca actual Ubicación en estantería Fecha de adquisición Fuente de adquisición Total de préstamos Signatura topográfica completa Código de barras Visto por última vez Precio de reemplazo Tipo de ítem Koha
        Biblioteca del Ateneo de Madrid Biblioteca del Ateneo de Madrid Sala Pardo Bazán 17/01/2008     B-10043 1068127 23/02/2023 23/02/2023 Libro impreso